003140000a220007300045001000025000002450125000253000044001507730046001941 aPhilip, William J.U.10aThe marrow and the dry bones. Ossified orthodoxy and the battle for the gospel in eighteenth -century Scottish calvinism aVol. 15, Num. 1 (1997), Páginas 27-370 tScottish Bulletin of Evangelical Theology